Which of these characters are from Grey's Anatomy - Statistics

General Stats
  • This quiz has been taken 261 times
  • The average score is 13 of 18
Answers on the Grid
Answers color-coded by a green-red scale on the quiz's grid according to % correct below.
Christina Yang
Alex Karev
Arizona Shepherd
George O'Malley
Meredith Grey
Lexie Sloan
Miranda Bailey
Richard Webber
Preston Burke
Addison Montgomery
Owen Robbins
Callie Torres
Mark Sloan
Meredith Torres
Lexie Grey
Teddy Avery
Owen Hunt
Callie Altman
Arizona Robbins
Teddy Altman
Cristina Karev
April Kepner
Jackson Avery
Derek Yang
Derek Shepherd
Izzie Stevens
Izzie O'Malley
Richard Bailey
Miranda Webber
Preston Kepner
April Hunt
 
Answer Stats
Answer % Correct
Christina Yang
98%
Alex Karev
95%
Meredith Grey
81%
Mark Sloan
76%
Preston Burke
75%
George O'Malley
73%
Addison Montgomery
72%
Miranda Bailey
71%
Owen Hunt
71%
Derek Shepherd
70%
Richard Webber
70%
April Kepner
69%
Lexie Grey
69%
Callie Torres
68%
Izzie Stevens
68%
Arizona Robbins
66%
Jackson Avery
66%
Teddy Altman
66%
No matching quizzes found
Score Distribution
Percent of People with Each Score
Percentile by Number Answered
Your Score History
You have not taken this quiz